Statistics for Video Games by Main Characters

Click here to take the quiz!

General Stats

  • This quiz has been taken 118 times
  • The average score is 7 of 18

Answer Stats

HintAnswer% Correct
Master ChiefHalo
91%
Jill ValentineResident Evil
68%
John MarstonRed Dead Redemption
67%
Cloud StrifeFinal Fantasy 7
63%
Gordon FreemanHalf Life
62%
DanteDevil May Cry
61%
Samus AranMetroid
60%
Issac ClarkDead Space
47%
Sam FisherSplinter Cell
44%
Desmond MilesAssassin's Creed
43%
Frank WestDead Rising 1 & 4
30%
Faith ConnorsMirror's Edge
27%
Alex HunterFifa 17
18%
Marcus HollowayWatch Dogs 2
18%
Miles UpshurOutlast
12%
TricoThe Last Guardian
12%
Erik, Baleog & OlafThe Lost Vikings
11%
Ryo HazukiShenmue
9%

Score Distribution

Percentile by Number Answered

Percent of People with Each Score

Your Score History

You have not taken this quiz